000 00461nam a2200181Ia 4500
001 4202
005 20260306145738.0
008 260306t2014||||xx |||||||||||||| ||spa||
041 _aESP
082 _a320.01
_bA69M
100 _aArendt, Hannah
_eAUT
245 0 _aMás allá de la filosofía. Escritos sobre cultura, arte y literatura
260 _c2014
300 _a214 páginas :
_c23 cm.
650 _aGEN
654 _aCDE
942 _cLIB
_dJUS
_fJUS
_2ddc
_n
999 _c4202
_d4202